000 00846nam a2200193Ii 4500
003 JO-AjNU
008 230605s9999||||xx |||||||||||||| ||und||
040 _aJO-AjNU
_bara
_erda
_cJO-AjNU
041 _aara
050 1 4 _aDS126.5.M3912 2003
100 3 _aتاليف مازور، ىدام ، م.مشارك سوفير، ميجال,
_eauthor
_99564
245 0 0 _aاسرائيل 2020 الخطة الشاملة لاسرائيل في سنوات الألفين: صورة المستقبل مخطط لتنظيم المجال القومي
264 3 1 _aالبيرة: المركز الفلسطيني للدراسات الاقليمية، 2003
300 _a274ص
_bخرائط توضيحية
336 _atext
_btxt
_2rdacontent
337 _aunmediated
_bn
_2rdamedia
338 _avolume
_bnc
_2rdacarrier
650 4 _aاسرائيل- مخططات
_99565
999 _aA1365
_c4933
_d4933